00635nam a2200181Ia 450000500170000000800410001702000150005808200130007310000210008624500210010725000080012826000340013630000130017050001540018394200060033795200950034399900150043820240808020919.0240331s9999 xx 000 0 und d a9552034760 bKARa398 aKarunaratne, K.S 0aOnce upon a time a2nd aColombobS. Godage & Brothers a102 p ., a"Once Upon a Time" is a collection of folk tales carefully selected and passionately retold for the young and adolescent readers by R.S. Karunaratne. cL 001040708LaWERCLbWERCLcSSCd2024-03-31l0o 398 KARp5457r2024-03-31w2024-03-31yL c2982d2982